Land tenure in Peninsular Malaysia and the Philippines : a comparative perspective /
Saved in:
| Main Author: | |
|---|---|
| Format: | Thesis |
| Language: | English |
| Published: |
Petaling Jaya :
International Islamic University Malaysia,
1998
|
| Subjects: | |
| Online Access: | Click here to view 1st 24 pages of the thesis. Members can view fulltext at the specified PCs in the library. |
| Tags: |
Add Tag
No Tags, Be the first to tag this record!
|
| LEADER | 023050000a22003970004500 | ||
|---|---|---|---|
| 001 | 151016 | ||
| 005 | 20100318094200.0 | ||
| 008 | 981106s1998 my 000 0 eng | ||
| 035 | |a 563569 | ||
| 035 | |a (Sirsi) 151016 | ||
| 040 | |a UIAM |b eng | ||
| 043 | |a a-my--- a-ph--- | ||
| 049 | |b m | ||
| 050 | |a KPG659 | ||
| 100 | 1 | |a Salasal, S. M. Malinumbay S. | |
| 245 | 1 | 0 | |a Land tenure in Peninsular Malaysia and the Philippines : |b a comparative perspective / |c by Siti Maryam Malinumbay S. Salasal |
| 260 | 1 | |a Petaling Jaya : |b International Islamic University Malaysia, |c 1998 | |
| 300 | |a xxv, 376 leaves ; |c 31 cm. | ||
| 500 | |a Abstracts in English and Arabic. | ||
| 500 | |a "A Thesis submitted in fulfilment of the requirement for the degree of Doctor of Philosophy In Law."-On t.p. | ||
| 502 | |a Thesis (Ph. D)-- International Islamic University Malaysia, 1998. | ||
| 504 | |a Includes bibliographical references (leaves 343-351). | ||
| 596 | |a 1 | ||
| 650 | 0 | |a Land tenure |x Law and legislation |z Malaysia | |
| 650 | 0 | |a Land tenure |x Law and legislation |z Philippines | |
| 655 | 0 | 7 | |a Theses, IIUM local |
| 690 | 0 | |a Dissertations, Academic |x Kulliyyah Undang-Undang Ahmad Ibrahim. |z IIUM | |
| 710 | 2 | |a International Islamic University Malaysia. |b Ahmad Ibrahim Kulliyyah of Laws | |
| 856 | 4 | |u http://studentrepo.iium.edu.my/handle/123456789/1640 |y Click here to view 1st 24 pages of the thesis. Members can view fulltext at the specified PCs in the library. | |
| 900 | |a amar-sa-naw | ||
| 999 | |c 431135 |d 462626 | ||
| 952 | |0 0 |6 T KPG 659 S161L 1998 |7 0 |8 THESES |9 750813 |a IIUM |b IIUM |c MULTIMEDIA |g 0.00 |o t KPG 659 S161L 1998 |p 00010981941 |r 2017-10-20 |t 1 |v 0.00 |y THESIS | ||
| 952 | |0 0 |6 T KPG 659 S161L 1998 |7 0 |8 THESES |9 750814 |a IIUM |b IIUM |c MULTIMEDIA |g 0.00 |o t KPG 659 S161L 1998 |p 00000564261 |r 2017-10-20 |t 2 |v 0.00 |y THESIS | ||
| 952 | |0 0 |6 LU T KPG 659 S161L 1998 |7 0 |8 THESES |9 750815 |a IIUM |b IIUM |c CLOSEACCES |g 0.00 |o lu t KPG 659 S161L 1998 |p 00000563570 |r 2017-10-20 |t 1 |v 0.00 |y THESIS | ||
| 952 | |0 0 |6 TS CDF KPG659S161L 1998 |7 0 |8 THESES |9 798029 |a IIUM |b IIUM |c MULTIMEDIA |g 0.00 |o ts cdf KPG659S161L 1998 |p 00000931066 |r 2017-10-26 |t 1 |v 0.00 |y THESISDIG | ||
| 952 | |0 0 |6 AIC T KPG659S161L 1998 |7 0 |8 SAHMADIB |9 798030 |a IIUM |b IIUM |c SPECIALSH |g 0.00 |o aic t KPG659S161L 1998 |p 00011062236 |r 2018-11-01 |t 1 |v 0.00 |y BOKSPECL2H | ||
